000
00230 a2200097 4500
001
36326
100
_a
Cowart, Robert
245
_a
The ABCs' of microsoft access
260
_a
New Dehli
_b
BPB publication
_c
090
_c
23556
_d
23556
942
_a
NUST-CAE
_c
M
_c
15065
999
_c
271399
_d
271399